Nosse quiz - Statistics

General Stats
  • This quiz has been taken 9 times
  • The average score is 10 of 15
Answer Stats
Hint Answer % Correct
Nosse lover Elena
100%
Nosse biggest opp Nuutti
100%
Nosse height 187
80%
Nosse better or worse in fortnIte than Remo? Worse
80%
Nosse birfday 30.1.2006
60%
Nosse favorite song Bämä
60%
Nosse mama name Hanna
60%
Nosse sister name Hilla
60%
Where Nosse mama live Koskela
60%
Where was Nosse born Lahti
60%
Nosse bestfriend Lenni
60%
Nosse papa name Osmo
60%
Where Nosse papa live Pihlajamäki
60%
Nosse peak apex rank Plat 3
60%
Nosse favorite artist Nebi
40%
No matching quizzes found
Score Distribution
Percent of People with Each Score
Percentile by Number Answered
Your Score History
You have not taken this quiz